Behavioural Finance (Record no. 8506)

MARC details
000 -LEADER
fixed length control field 00357nam a22001457a 4500
003 - CONTROL NUMBER IDENTIFIER
control field OSt
008 - FIXED-LENGTH DATA ELEMENTS--GENERAL INFORMATION
fixed length control field 200220b ||||| |||| 00| 0 eng d
020 ## - INTERNATIONAL STANDARD BOOK NUMBER
International Standard Book Number 9789385965555
082 ## - DEWEY DECIMAL CLASSIFICATION NUMBER
Classification number 332.6019
Item number CHB
100 ## - MAIN ENTRY--PERSONAL NAME
Personal name CHANDRA, Prasanna
245 ## - TITLE STATEMENT
Title Behavioural Finance
250 ## - EDITION STATEMENT
Edition statement Reprint 2018
260 ## - PUBLICATION, DISTRIBUTION, ETC. (IMPRINT)
Place of publication, distribution, etc New Delhi
Name of publisher, distributor, etc McGraw Hill Education India
942 00 - ADDED ENTRY ELEMENTS (KOHA)
Source of classification or shelving scheme Dewey Decimal Classification
Holdings
Withdrawn status Lost status Source of classification or shelving scheme Damaged status Not for loan Collection code Home library Current library Date acquired Source of acquisition Currency Cost, normal purchase price Bill Number Total Checkouts Full call number Acc. no. / Barcode Checked out Date last seen Date last borrowed Copy number Actual Cost, discounted price Bill Date Koha item type Public note
    Dewey Decimal Classification     MBA PIET C-LIBRARY PIET C-LIBRARY 20/02/2020 KIRTI PRAKASHAN NEW DELHI IN Rupees 725.00 IN6389 2 332.6019 CHB 31693 18/08/2025 29/01/2025 29/01/2025 1 493.00 11/02/2020 Text Books  
    Dewey Decimal Classification     MBA PIET C-LIBRARY PIET C-LIBRARY 20/02/2020 KIRTI PRAKASHAN NEW DELHI IN Rupees 725.00 IN6389 1 332.6019 CHB 31694   29/03/2024 18/03/2024 2 493.00 11/02/2020 Text Books  
    Dewey Decimal Classification     MBA PIET C-LIBRARY PIET C-LIBRARY 20/02/2020 KIRTI PRAKASHAN NEW DELHI IN Rupees 725.00 IN6389   332.6019 CHB 31695   20/02/2020   3 493.00 11/02/2020 Text Books  
    Dewey Decimal Classification     MBA PIET C-LIBRARY PIET C-LIBRARY 20/02/2020 KIRTI PRAKASHAN NEW DELHI IN Rupees 725.00 IN6389 2 332.6019 CHB 31696 11/07/2024 13/01/2024 13/01/2024 4 493.00 11/02/2020 Text Books .
    Dewey Decimal Classification     MBA PIET C-LIBRARY PIET C-LIBRARY 20/02/2020 KIRTI PRAKASHAN NEW DELHI IN Rupees 725.00 IN6389 1 332.6019 CHB 31697   30/07/2021 04/03/2021 5 493.00 11/02/2020 Text Books  

Design & Developed by: PIET Central Library
R70 Miles Stone Pattikalyana Samalkha Panipat 132102
mail ID :- [email protected], Phone No:- 0180-2569700 Ex.216